000 00399pab a2200133 454500
008 180718b xxu||||| |||| 00| 0 eng d
100 _aChakaravarti, Uma
245 _aConceptualising Brahmancial patriarchy in early India: gender, cade, class and state
650 _a Women
650 _a Brahmancial Patriarchy
650 _aCaste - India
773 _aEconomic and Political Weekly
909 _a24274
999 _c24274
_d24274